[Event "HCL-B3785"]
[Site "www.playchess.de"]
[Date "2006.01.13"]
[Round "31"]
[White "evets"]
[Black "dynamike"]
[WhiteElo "1445"]
[BlackElo "1479"]
[PlyCount "86"]
[Result "0-1"]

1.Nf3 d5 2.d4 Nc6 3.e3 Nf6 4.c3 g6 5.Nbd2 Bg7 
6.Bb5 Bd7 7.O-O O-O 8.Re1 a6 9.Bxc6 Bxc6 10.c4 Re8 
11.c5 b6 12.b4 a5 13.bxa5 bxc5 14.dxc5 Ne4 15.Nxe4 
dxe4 16.Qxd8 Rexd8 17.Nd4 Bxd4 18.exd4 Rxd4 19.Bh6 
Rxa5 20.f3 exf3 21.gxf3 e6 22.Rab1 Rd8 23.Rb4 Rxa2 
24.Reb1 Raa8 25.Kf2 f6 26.Re1 e5 27.h4 Ra3 28.Be3 
Kf7 29.f4 Rdd3 30.fxe5 f5 31.Rb8 f4 32.e6+ Ke7 
33.Bc1 Rdf3+ 34.Kg1 Rfg3+ 35.Kf2 Rg2+ 36.Kf1 Raa2 
37.Rd1 Raf2+ 38.Ke1 f3 39.Rh8 Rfe2+ 40.Kf1 Rgh2 
41.Rxh7+ Kf6 42.Kg1 Reg2+ 43.Kf1 
Rh1+ 0-1

[Event "HCL-B3821"]
[Site "www.playchess.de"]
[Date "2006.01.13"]
[Round "7"]
[White "dynamike"]
[Black "maus"]
[WhiteElo "1610"]
[BlackElo "1327"]
[PlyCount "53"]
[Result "1-0"]

1.e4 e5 2.Nf3 d6 3.Bc4 h6 4.d4 exd4 5.Nxd4 Nf6 
6.Nc3 Bg4 7.f3 Bh5 8.O-O c5 9.Bb5+ Nbd7 10.Nf5 a6 
11.Be2 Ne5 12.f4 Bxe2 13.Qxe2 g6 14.fxe5 gxf5 
{sorry,i am is...knight}  15.exf6 Qxf6 16.Rxf5 
Qd4+ 17.Be3 Qg7 18.Raf1 O-O-O 19.R5xf7 Qg6 20.R1f6 
Qg8 21.Qh5 Bg7 22.Qf5+ Kb8 23.Qd5 Rd7 24.R6f5 Qc8 
25.Rxd7 Qxd7 26.Rf7 Qg4 27.Qxb7+ 1-0

[Event "HCL-B3768"]
[Site "www.playchess.de"]
[Date "2006.01.13"]
[Round "9"]
[White "scaper"]
[Black "Huib"]
[WhiteElo "1353"]
[BlackElo "1252"]
[PlyCount "50"]
[Result "0-1"]

1.d4 {hallo! viele grüße an die anderen zuhause!}  
c5 {ah, tako... oder habe ich das nicht gut 
verstehen? Viel spass (ich weiss nicht wie ich ein 
ss=B machen kann) :-)}  2.dxc5 {hallo! na schön 
daß (oben links bei der tastatur unter dem 
fragezeichen :-) )du noch reagiert hast, es wäre 
schade wenn du nicht mitspielen möchtest; diese 
eröffnung mag ich nicht :::  viele 
grüße
daheim}  Qa5+ {ich glaube dass unsere (keyboards?) 
nicht gleich sind. :) ich habe kein B da. Und sags 
mal wenn ich fehler mache beim deutch sprechen. 
(-: ich glaube dass ich es nicht so gut kann...}  
3.Bd2 {du kannst dich da ruhig mit deinem vater 
vergleichen, auch wenn wir ihm damit ein 
schmunzeln entlocken!}  Qxc5 {haha, ich wusste 
nicht dass meinen vater muhe hat deutch zu 
sprechen}  4.e4 {ich verstehe alles bestens was er 
schreibt!}  Nc6 {ah :-)}  5.a3 d5 6.Be3 d4 7.b4 
Qe5 8.Bd2 d3 9.cxd3 Qxa1 10.Bc3 {peinlich ...,  
schöne weihnachten und grüße an alle!}  Qa2 11.Nf3 
Bg4 12.Be2 Bxf3 13.Bxf3 Qe6 14.O-O Qg6 15.Bh5 Qg5 
16.f4 Qh6 17.Qg4 Nf6 18.Bxf6 Qxf6 19.Nc3 Qxc3 {?}  
20.Bxf7+ Kxf7 21.Qf5+ Ke8 22.e5 Qd4+ 23.Kh1 g6 
{nah, I don't think the game is over already. I 
tend to give away pieces whenever I can :) so I 
might just loose my queen in the next few moves. 
Of course, if you think you can no longer win. you 
can always resign :D.}  24.Qg4 {:-)}  Nxe5 25.Qe6 
Qd6 0-1

[Event "HCL-A2522"]
[Site "www.playchess.de"]
[Date "2006.01.13"]
[Round "4"]
[White "Alex77"]
[Black "cocohubert"]
[WhiteElo "1422"]
[BlackElo "1356"]
[PlyCount "49"]
[Result "1-0"]

1.e4 {Hi!}  c5 2.Nf3 g6 {hi again}  3.d4 cxd4 
4.Qxd4 Nf6 5.Bg5 Bg7 6.e5 Ng8 7.Nc3 Nc6 8.Qd2 Nxe5 
9.Nxe5 Bxe5 10.O-O-O Bg7 11.Bc4 Nf6 12.h4 O-O 
13.f3 e6 14.h5 Qc7 15.Bd3 Nxh5 16.g4 Nf6 17.Bxf6 
d5 18.Bxg7 Kxg7 19.Qh6+ Kf6 20.Qxf8 Qf4+ 21.Kb1 
Qc7 22.Rxh7 b6 23.g5+ Kxg5 24.Rg1+ Kf4 
25.Rxf7+ 1-0

[Event "HCL-E1446"]
[Site "www.playchess.de"]
[Date "2006.01.13"]
[Round "8"]
[White "jonaslo"]
[Black "Sinla"]
[WhiteElo "1727"]
[BlackElo "1719"]
[PlyCount "88"]
[Result "0-1"]

1.e4 {Hello from Rome, Italy. Good luck in the 
game!}  c5 {Good luck back to you from the 
Netherlands! :)}  2.Nf3 Nc6 3.d4 cxd4 4.Nxd4 Nf6 
5.Nc3 e5 6.Ndb5 d6 7.Bg5 a6 8.Bxf6 gxf6 9.Na3 b5 
10.Nd5 f5 11.exf5 Bxf5 12.c3 Bg7 13.Nc2 O-O 
14.Nce3 Be6 15.g3 f5 16.Bh3 Ne7 17.Nxe7+ Qxe7 
18.Bxf5 Rxf5 {With all these games running I 
almost forgot how important my bishop on e6 now is 
:S ...}  19.Nxf5 {you're probably doing the right 
thing keeping the bishop}  Qb7 20.O-O Bxf5 21.Qh5 
Qf7 22.Qxf7+ Kxf7 23.f4 e4 24.Rad1 Rd8 25.Rd2 d5 
26.Rfd1 d4 27.R2xd4 Bxd4+ 28.Rxd4 Rxd4 29.cxd4 e3 
30.Kf1 Bd3+ 31.Ke1 Ke6 32.g4 Kd5 33.h4 Kxd4 34.b3 
a5 35.h5 Ke4 36.f5 Ke5 37.Kd1 Kf6 38.Ke1 b4 39.Kd1 
a4 {Sorry it took so long, but I had a hard time 
looking for a way to win ;)}  40.bxa4 Kg5 {Happy 
newyear!}  41.a5 h6 42.Ke1 Bc4 43.Kd1 Bxa2 44.a6 
Bd5 0-1

[Event "HCL-B3691"]
[Site "www.playchess.de"]
[Date "2006.01.13"]
[Round "1"]
[White "Henri"]
[Black "lcarvalho"]
[WhiteElo "776"]
[BlackElo "1200"]
[PlyCount "57"]
[Result "1-0"]

1.e4 {Bonjour et Bonne Partie}  e5 2.Nf3 Nc6 3.Bc4 
Nf6 4.d3 Bc5 5.O-O O-O 6.Nc3 h6 7.Qe2 d6 8.Be3 
Bxe3 9.Qxe3 Ng4 10.Qd2 Nd4 11.Nxd4 exd4 12.Nd5 Qh4 
13.h3 Ne5 14.Nxc7 Rb8 15.Nd5 Bxh3 16.Nf4 Nxc4 
17.Qe2 Qxf4 18.f3 Qg5 19.dxc4 Be6 20.b3 Bh3 21.f4 
Qg4 22.Qxg4 Bxg4 23.f5 g6 24.f6 Be2 25.Rfe1 Bg4 
26.e5 dxe5 27.Rxe5 Rbe8 28.Rd5 Be6 
29.Rxd4 1-0

[Event "HCL-B3678"]
[Site "www.playchess.de"]
[Date "2006.01.13"]
[Round "12"]
[White "Jeffery_Lau"]
[Black "ppadala"]
[WhiteElo "1017"]
[BlackElo "1244"]
[PlyCount "30"]
[Result "0-1"]

1.e4 e5 2.Nf3 Nc6 3.Bd3 Nf6 4.O-O Bc5 5.h3 O-O 
6.c3 d5 7.exd5 Nxd5 8.Bc2 Qf6 9.d3 Bf5 10.Re1 Rfe8 
11.Bb3 Rad8 12.Bg5 Qg6 13.Ba4 Rd6 14.c4 Ndb4 
15.Bxc6 bxc6 0-1

[Event "HCL-B3664"]
[Site "www.playchess.de"]
[Date "2006.01.13"]
[Round "5"]
[White "farah"]
[Black "Phileas"]
[WhiteElo "1500"]
[BlackElo "1400"]
[PlyCount "83"]
[Result "1-0"]

1.d4 d5 2.c4 Nf6 3.e3 Nc6 4.Nc3 e5 5.dxe5 Nxe5 
6.cxd5 c6 7.e4 cxd5 8.exd5 Bd6 9.Be2 O-O 10.Nf3 
Re8 11.O-O b6 12.Re1 Re7 13.Bg5 Rd7 14.Nxe5 Bxe5 
15.Bf3 Bc7 16.Qd4 Bd6 17.Bxf6 Qxf6 18.Re8+ Bf8 
19.Qxf6 gxf6 20.Bg4 Re7 21.Rxc8 Rxc8 22.Bxc8 Re5 
23.Rd1 Bb4 24.a3 Be7 25.d6 Bd8 26.d7 Kf8 27.Kf1 
Rc5 28.Re1 Bc7 29.Re8+ Kg7 30.d8Q Bxd8 31.Rxd8 f5 
32.Ba6 Kf6 33.Rd6+ Kg5 34.Rd5 Rc6 35.h4+ Kf4 
36.g3+ Kg4 37.Be2+ Kh3 38.Rxf5 f6 39.Bf3 Rd6 40.h5 
Rd2 41.h6 Rxb2 42.Rh5+ 1-0

[Event "HCL-C4025"]
[Site "www.playchess.de"]
[Date "2006.01.13"]
[Round "7"]
[White "O_Man"]
[Black "cafeman"]
[WhiteElo "1156"]
[BlackElo "800"]
[PlyCount "54"]
[Result "0-1"]

1.e4 e5 {Hello and have a great game!}  2.Nf3 d6 
3.d4 exd4 4.Nxd4 h6 5.Qh5 Nf6 6.Qf3 Bg4 7.Qf4 Be7 
8.h3 Bh5 9.g4 g5 10.Qf3 Bg6 11.Nc3 Nbd7 12.e5 dxe5 
13.Nf5 Bxf5 14.Qxf5 a6 15.Be3 Bd6 16.O-O-O Qe7 
17.h4 gxh4 18.Rxh4 O-O-O 19.Bg2 Kb8 20.Bxh6 Rdg8 
21.g5 Ne8 22.Bd5 Ng7 23.Bxf7 Nxf5 24.Bxg8 Nxh4 
25.Bd5 Nf5 26.Ne4 Nxh6 27.gxh6 
Rxh6 0-1

[Event "HCL-B3811"]
[Site "www.playchess.de"]
[Date "2006.01.13"]
[Round "8"]
[White "PhilipKaveny"]
[Black "aidogael"]
[WhiteElo "1372"]
[BlackElo "1135"]
[PlyCount "45"]
[Result "1-0"]

1.e4 e5 2.Bc4 d6 3.d4 Nf6 4.Nf3 {I have Twice 
visited your lovvely country}  Nc6 5.Ng5 d5 {Glad 
you like Ireland. I've been to Orange County CA a 
couple of times}  6.exd5 {Orange County In The LA 
area}  Nxd5 {That's the one}  7.Qf3 {We stayed for 
nearly two weeks in Doublin last year}  Be6 8.Nxe6 
fxe6 9.O-O Qd7 10.Bxd5 exd5 11.dxe5 Nxe5 12.Qh5+ 
Ng6 13.Bg5 Be7 14.Bxe7 Kxe7 15.Nc3 c6 16.Rae1+ Kf7 
17.f4 Kg8 18.f5 Ne7 19.f6 gxf6 20.Rxf6 Rf8 
21.Rxf8+ Kxf8 22.Rf1+ Kg8 23.Qf7+ 1-0

[Event "HCL-E1505"]
[Site "www.playchess.de"]
[Date "2006.01.13"]
[Round "5"]
[White "Niedermayr"]
[Black "Dutchin"]
[WhiteElo "2000"]
[BlackElo "1695"]
[PlyCount "89"]
[Result "1-0"]

1.Nf3 d5 2.b3 c5 3.e3 Nf6 4.Bb2 e6 5.c4 Nc6 6.cxd5 
exd5 7.Be2 Bd6 8.O-O O-O 9.d4 cxd4 10.Nxd4 Re8 
11.Nd2 Bd7 12.N2f3 Rc8 13.Rc1 Qe7 14.Nxc6 bxc6 
15.h3 Ba3 16.Bxa3 Qxa3 17.Bd3 Qd6 18.Qc2 h6 19.Qc5 
Qxc5 20.Rxc5 Ne4 21.Bxe4 Rxe4 22.Nd4 f5 23.b4 f4 
24.Rc3 fxe3 25.fxe3 Rce8 26.Rf3 a6 27.a3 Rc8 
28.Kf2 Ree8 {(offering draw)}  29.Nb3 {let`s try 
some more moves}  Rc7 30.Nc5 Ra7 31.Nxd7 Rxd7 
32.Rxc6 Ra8 33.Rf4 Rb7 34.Rd6 a5 35.Rxd5 axb4 
36.axb4 Rab8 37.Rdd4 g5 38.Rf6 R7xb4 39.Rxb4 Rxb4 
40.Rxh6 Kg7 41.Rd6 g4 42.h4 Kh7 43.Kg3 Re4 44.Rd4 
Rxe3+ 45.Kxg4 1-0

[Event "HCL-A2544"]
[Site "www.playchess.de"]
[Date "2006.01.13"]
[Round "15"]
[White "mitke"]
[Black "GED"]
[WhiteElo "1337"]
[BlackElo "1445"]
[PlyCount "36"]
[Result "0-1"]

1.e4 {once more,hello}  c5 {hello again}  2.Nf3 e6 
3.d4 cxd4 4.Nxd4 d6 5.Bd3 Nf6 6.Bg5 Be7 7.Nd2 Qb6 
8.N2b3 Nc6 9.c3 Nxd4 10.cxd4 Bd7 11.e5 dxe5 
12.Bxf6 Bxf6 13.dxe5 Bxe5 14.Qe2 Qb4+ 15.Qd2 Qxd2+ 
16.Nxd2 Bc6 17.Be4 Bxb2 18.Bxc6+ 
bxc6 0-1

[Event "HCL-B3815"]
[Site "www.playchess.de"]
[Date "2006.01.13"]
[Round "10"]
[White "Skipper_Robert"]
[Black "tusnelda"]
[WhiteElo "957"]
[BlackElo "1182"]
[PlyCount "120"]
[Result "0-1"]

1.d4 d5 2.e3 Bf5 3.g4 Bg6 4.Nc3 e6 5.Bb5+ c6 6.Be2 
Bb4 7.Bd2 Nf6 8.h3 Ne4 9.Nxe4 Bxe4 10.Bf3 Bxd2+ 
11.Qxd2 Bg6 12.O-O-O Na6 13.a3 O-O 14.Ne2 b6 
15.Nf4 c5 16.Qe2 c4 17.Qd2 Rc8 18.Rhe1 c3 19.bxc3 
Rc7 20.Ne2 Qd6 21.Kb2 Rc4 22.Nf4 Ra4 23.Rda1 Nc7 
24.Nxg6 fxg6 25.Qe2 Nb5 26.Qxb5 Ra5 27.Qd3 Rxf3 
28.Qe2 {oh !!!!!!!!!}  Rf8 29.e4 Rc8 30.exd5 exd5 
31.Qf3 Rf8 32.Qe3 h6 33.Qe2 Qd7 34.Qe3 Rb5+ 35.Kc1 
Qd6 36.Qd3 Ra5 37.f3 Rxa3 38.Rxa3 Qxa3+ 39.Kd2 Qd6 
40.Qa6 Rxf3 41.Qxa7 Qf4+ 42.Kd1 Qf6 43.Qd7 b5 
44.Qxd5+ Kh7 45.Qxb5 Rxc3 46.d5 Qd4+ 47.Kc1 Rc5 
48.Rd1 Qf4+ 49.Rd2 Rxb5 50.d6 Rb1+ 51.Kxb1 Qxd2 
52.Kb2 Qxd6 53.c3 Qh2+ 54.Kb3 Qxh3 55.Kb4 Qxg4+ 
56.c4 h5 57.Kb5 h4 58.c5 h3 59.c6 h2 60.c7 
Qc8 0-1

[Event "HCL-C4072"]
[Site "www.playchess.de"]
[Date "2006.01.13"]
[Round "4"]
[White "Doris"]
[Black "cla114"]
[WhiteElo "537"]
[BlackElo "835"]
[PlyCount "32"]
[Result "0-1"]

1.e4 {Hello again!}  e5 {hi there}  2.Nf3 Nc6 
3.Bc4 {you beat me every time, but I guess that's 
how you learn......}  Nf6 {actually last time it 
was you who was winning, I lost by time but you 
would have won eventually....}  4.d3 {oh??? thats 
exactly why I'm not a good chess player....the 
memory is shot.}  Nd4 5.Nxe5 d5 6.exd5 Nxd5 7.O-O 
Be6 8.Bd2 Qf6 9.Nc3 O-O-O 10.Re1 Bd6 11.Re4 Bxe5 
12.g3 Nf3+ 13.Kh1 Qf5 14.Qe2 Bd4 15.a3 Qh5 16.Qf1 
Qxh2+ 0-1

[Event "HCL-B3815"]
[Site "www.playchess.de"]
[Date "2006.01.13"]
[Round "4"]
[White "djpnola"]
[Black "Skipper_Robert"]
[WhiteElo "1144"]
[BlackElo "957"]
[PlyCount "89"]
[Result "1-0"]

1.f4 {Hello.}  d5 {Hi}  2.d4 Nf6 3.Nc3 e6 4.Nf3 
Bd6 5.g3 h6 6.Bh3 Bd7 7.O-O a6 8.f5 exf5 9.Ne5 
Bxe5 10.dxe5 Ne4 11.Bxf5 Nxc3 12.bxc3 Nc6 13.e4 
Be6 14.Bxe6 fxe6 15.Qh5+ Kd7 16.Rf7+ Kc8 17.Rxg7 
Rg8 18.Qxh6 Rxg7 19.Qxg7 b5 20.Bg5 Qd7 21.Qxd7+ 
Kxd7 22.Rf1 Nxe5 23.Bf4 Nc4 24.exd5 exd5 25.Bh6 
Re8 26.Rf7+ Kc8 27.h4 Re2 28.Rf8+ Kb7 29.Rf7 Ne5 
30.Rf8 Rxc2 31.Re8 Nf3+ 32.Kf1 Rxc3 33.Bf4 Nd4 
34.Re7 Rc1+ 35.Bxc1 Nf5 {I am sleep}  36.Rf7 
{Looks like we both are.}  Nxg3+ 37.Kg2 Ne2 38.Bb2 
Kb6 39.Rf2 c5 {verry good}  40.Rxe2 {Danke.}  d4 
41.h5 d3 42.Rd2 c4 43.h6 c3 44.Bxc3 a5 
45.h7 1-0

[Event "HCL-A2458"]
[Site "www.playchess.de"]
[Date "2006.01.13"]
[Round "36"]
[White "Baldrick"]
[Black "G501"]
[WhiteElo "1684"]
[BlackElo "1401"]
[PlyCount "49"]
[Result "1-0"]

1.f4 {Hello again!}  d5 2.g3 Bf5 {Have a nice 
game.}  3.Nf3 {You too!!}  Nc6 4.Bg2 Nf6 5.d3 e6 
6.O-O Bd6 7.Qe1 Bc5+ 8.Kh1 Ng4 9.e3 O-O 10.h3 Nf6 
11.Nfd2 Ne7 12.e4 dxe4 13.dxe4 Bg6 14.Nb3 Bb6 
15.Nc3 c6 16.Be3 Qc7 17.Rd1 Rad8 18.Qf2 Rxd1 
19.Rxd1 Rd8 20.Rxd8+ Qxd8 21.Bxb6 axb6 22.g4 h6 
23.Qd2 Qc7 24.e5 {Happy Christmas!}  Nfd5 {Same to 
tou, best wishes for the new year and a lot of 
chessfun}  25.Ne4 1-0

[Event "HCL-C4065"]
[Site "www.playchess.de"]
[Date "2006.01.13"]
[Round "16"]
[White "nico21"]
[Black "ocluanain"]
[WhiteElo "1472"]
[BlackElo "1040"]
[PlyCount "53"]
[Result "1-0"]

1.d4 Nf6 2.c4 g6 3.Nc3 Bg7 4.e4 d6 5.Bd3 Nbd7 
6.Nge2 O-O 7.f3 e5 8.d5 b6 9.O-O Nc5 10.b4 Nxd3 
11.Qxd3 Bd7 12.Ng3 c6 13.dxc6 Bxc6 14.b5 Bb7 
15.Ba3 Rc8 16.Rfd1 a5 17.Bxd6 Re8 18.Ba3 Qxd3 
19.Rxd3 Rxc4 20.Rad1 Rc7 21.Nge2 Bc8 22.R3d8 h5 
23.Rxe8+ Nxe8 24.Rd8 Bd7 25.Rb8 Bxb5 26.Nxb5 Re7 
27.Bxe7 1-0

[Event "ACL-M079"]
[Site "www.playchess.de"]
[Date "2006.01.13"]
[Round "16"]
[White "Apollo"]
[Black "a_der_s"]
[WhiteElo "2126"]
[BlackElo "1986"]
[PlyCount "140"]
[Result "1/2-1/2"]

1.e4 {Hello. Pleased to be playing you.}  g6 2.d4 
Bg7 3.Nc3 d6 4.f4 Nc6 5.Bb5 Bd7 6.Nf3 a6 7.Be2 e6 
8.Be3 b5 9.a3 Nf6 10.Qd3 O-O 11.O-O Ne7 12.Nd2 Bc6 
13.Bf3 Nd7 14.Rae1 Nb6 15.Bf2 Re8 16.b3 Qd7 17.d5 
Bb7 {congratulations on your quick wins! Do you 
always beat the sicilian?}  18.Bd4 {Thanks, I 
suppose I get about the same results as I do 
against other openings.}  Bxd4+ {I've been playing 
the Morra, which is fine in OTB, but is pretty 
useless against computers!}  19.Qxd4 {That's the 
case with most gambits. However, I like to play 
the Cochrane if I get the chance as even computers 
tend to struggle with it!}  Rad8 {I'm a Cochrane 
man too!  I've played at least one game with it 
here - could have been an ACL - nice game though, 
which I won}  20.Qd3 {I'm having difficulty 
deciding on and sticking to one plan here! Good to 
know you enjoy playing the Cochrane.}  exd5 {yes, 
its a tough position - now you must only react! Do 
you play other gambits? I play a kind of Benkö 
against the 4 pawn king's indian and am playing 
around with a rare gambit against the french - not 
very good at it yet though!}  21.exd5 {On ACL I 
usually avoid them because, as you said earlier, 
the chess programs usually find them out!}  Qf5 
{although I've not won many, I haven't lost a 
Morra yet in ACL - so it is playable}  22.Be4 {The 
problem is that with white, you need to be winning 
the majority of games :-)}  Qf6 {I know what you 
are saying - but have you never lost against the 
sicilian?}  23.g3 {Yes, but not through playing an 
inferior opening. The problem with most gambits is 
that black can usually give back the material and 
secure equality at least.}  Nf5 {can we call the 
Morra 'inferior'? perhaps the theory isn't 
finished yet and there is a better try for white 
yet to be found. Equality is fine if you like the 
position}  24.Bxf5 {Perhaps I should have played 
the Morra in this game!}  gxf5 {well as I don't 
play the Sicilian, it would have been difficult! I 
think your choice was very good actually - I 
didn't get my kind of position.}  25.Nf3 Nd7 26.b4 
Nb6 27.Nh4 Bc8 28.Nd1 Nc4 29.Nf3 Bd7 30.Ne3 Re4 
31.Ng5 Ree8 32.Re2 c5 33.Rfe1 Nb2 34.Qd2 Na4 
35.Nd1 Rxe2 36.Rxe2 h6 37.Nf3 Qa1 38.bxc5 Nxc5 
39.Qd4 Qc1 40.Re1 Qxc2 41.Ne3 Qa2 42.Qf6 Qf2+ 
43.Kxf2 Ne4+ 44.Ke2 Nxf6 45.Nd4 Kh7 46.Rc1 Kg6 
47.Rc7 Re8 48.Ndc2 h5 49.Kf2 a5 50.Ra7 a4 51.Rc7 
Rh8 52.Nb4 h4 53.Kf3 hxg3 54.Kxg3 Kh5 55.h3 Re8 
56.Nbc2 Rc8 57.Rxc8 Ne4+ 58.Kh2 {(offering draw)}  
Bxc8 {must try it!}  59.Nd1 {You certainly deserve 
to get more than a draw from the game. Anyway, 
have a very merry Christmas :-)}  Bd7 {thank you - 
have a happy christmas too!}  60.Nde3 Nc3 61.Nb4 
Nb1 62.Nec2 Kh4 63.Kg2 Nd2 64.Kh2 Nc4 65.Kg2 Kh5 
66.Kh2 Bc8 67.Kg3 Bb7 68.Kh2 Kg6 69.Kg2 Bc8 70.Kg3 
Bd7 {(offering draw) time to stop wasting our 
time!}  1/2-1/2

[Event "HCL-A2460"]
[Site "www.playchess.de"]
[Date "2006.01.13"]
[Round "6"]
[White "organic"]
[Black "Torenvalk"]
[WhiteElo "1295"]
[BlackElo "1534"]
[PlyCount "66"]
[Result "0-1"]

1.e4 {Hello!}  c5 {Have a good game.}  2.Nf3 d6 
3.d4 cxd4 4.Nxd4 Nf6 5.Nc3 a6 6.Be2 e6 7.O-O Be7 
8.Be3 Nc6 9.f4 Qc7 10.f5 Nxd4 11.Qxd4 Qc5 12.Qd3 
Qa5 13.a3 O-O 14.b4 Qc7 15.Na4 Nd7 16.fxe6 fxe6 
17.Rxf8+ Kxf8 18.Rf1+ Kg8 19.Nc3 Bf6 20.Nd1 Ne5 
21.Qb3 Nc6 22.Bc4 Qe7 23.Nf2 b5 24.Be2 Bd7 25.c3 
h6 26.Ng4 Bg5 27.Bxg5 Qxg5 28.c4 Nd4 29.Qd3 Nxe2+ 
30.Qxe2 Rc8 31.Ne3 bxc4 32.Nxc4 Bb5 33.Rc1 
Qxc1+ 0-1

[Event "HCL-C4057"]
[Site "www.playchess.de"]
[Date "2006.01.13"]
[Round "9"]
[White "Ivan_Lacerda"]
[Black "ama49"]
[WhiteElo "1145"]
[BlackElo "1190"]
[PlyCount "73"]
[Result "1-0"]

1.e4 {Hi! Nice to find you again, merry christmas 
and a happy new year.}  e5 {Hello again; hope you 
had a good xmas!}  2.Nf3 Nc6 3.Bc4 Nf6 4.Nc3 d6 
5.d3 Bg4 6.h3 Bh5 7.g4 Bg6 8.Bg5 Be7 9.Nd5 Nxd5 
10.exd5 Na5 11.Bxe7 Qxe7 12.Qd2 Nxc4 13.dxc4 O-O 
14.O-O-O h6 15.h4 Be4 16.Rh3 Bxf3 17.Rxf3 f6 18.h5 
b6 19.Re1 Qd7 20.Rg3 a5 21.b3 Rac8 22.f4 exf4 
23.Qxf4 Rce8 24.Rge3 Rxe3 25.Rxe3 Re8 26.Kd2 Rxe3 
27.Kxe3 Qe7+ 28.Qe4 Qxe4+ {(offering draw)}  
29.Kxe4 Kf7 30.Kf5 Ke7 31.Kg6 Kf8 32.c3 Kg8 33.a4 
Kf8 34.b4 axb4 35.cxb4 Kg8 36.a5 bxa5 
37.bxa5 1-0

[Event "HCL-A2527"]
[Site "www.playchess.de"]
[Date "2006.01.13"]
[Round "23"]
[White "GCP"]
[Black "mrchess"]
[WhiteElo "1491"]
[BlackElo "1432"]
[PlyCount "99"]
[Result "1-0"]

1.e4 {hi,have a good game}  c5 {you to}  2.c3 Nc6 
3.d4 cxd4 4.cxd4 d5 5.e5 Bf5 6.Nf3 e6 7.a3 Be7 
8.Bb5 Qb6 9.Nc3 Bd8 10.O-O Nge7 11.Nh4 O-O 12.Bxc6 
bxc6 13.b4 Bg6 14.Bg5 h6 15.Bxe7 Bxe7 16.Nxg6 fxg6 
17.Qg4 Kf7 18.Ne2 g5 19.Ng3 g6 20.Rfc1 h5 21.Qd1 
g4 22.Ne2 Bg5 23.Rc3 Kg7 24.Qc2 Rac8 25.Qd3 Rf7 
26.g3 Rf3 27.Qc2 Rxc3 28.Qxc3 Qb5 29.Nc1 Rf8 
30.Nb3 Rf3 31.Qc2 Qa4 32.Rb1 Qxa3 33.Nc5 Kf7 
34.Nxe6 Be7 35.Nf4 Rxf4 36.gxf4 Qf3 37.Qxc6 h4 
38.Qc1 h3 39.Qf1 Qxf4 40.Qd3 Bh4 41.Qe3 Qf5 42.Rd1 
Bg5 {(offering draw)}  43.Qd3 Qd7 44.f3 Bh4 45.Rf1 
Qe6 46.fxg4+ Kg7 47.Qxh3 g5 48.Qf3 Kg8 49.Qf8+ Kh7 
50.Rf7+ 1-0

[Event "HCL-M864"]
[Site "www.playchess.de"]
[Date "2006.01.13"]
[Round "4"]
[White "TealBeatle"]
[Black "aldo"]
[WhiteElo "1944"]
[BlackElo "1869"]
[PlyCount "41"]
[Result "1-0"]

1.d4 {Hi! All the best and don't hurt me too much 
:)}  Nf6 {good game!}  2.c4 {:)}  g6 3.Nf3 Bg7 
4.Nc3 d5 5.Bg5 Ne4 6.cxd5 Nxg5 7.Nxg5 e6 8.Nf3 
exd5 9.e3 O-O 10.b4 c6 11.Be2 Qd6 12.Qb3 Be6 
13.O-O Nd7 14.Rac1 f5 15.b5 c5 16.Qa3 Rfc8 17.Ng5 
Bf8 18.Bf3 {Happy New Year!}  Nf6 19.Rfe1 Bd7 
20.Nxd5 Nxd5 21.Qb3 1-0

[Event "HCL-E1531"]
[Site "www.playchess.de"]
[Date "2006.01.13"]
[Round "3"]
[White "cubs"]
[Black "takesa"]
[WhiteElo "1741"]
[BlackElo "1564"]
[PlyCount "43"]
[Result "1-0"]

1.Nf3 d5 2.c4 d4 3.e4 dxe3 4.fxe3 Nf6 5.d4 e6 
6.Nc3 Bb4 7.Qa4+ Nc6 8.Ne5 Bxc3+ 9.bxc3 Ne4 {Happy 
New Year!}  10.Nxc6 Nxc3 11.Qc2 bxc6 12.Qxc3 Qh4+ 
13.g3 Qe4 14.Rg1 O-O 15.Qd3 f5 16.Qxe4 fxe4 17.Rb1 
a5 18.Be2 Ba6 19.Rf1 Rfe8 20.c5 Bc8 21.Bc4 h6 
22.Rf4 1-0

[Event "HCL-B3807"]
[Site "www.playchess.de"]
[Date "2006.01.13"]
[Round "8"]
[White "Buddy"]
[Black "Genrry28"]
[WhiteElo "1200"]
[BlackElo "1200"]
[PlyCount "48"]
[Result "0-1"]

1.e4 c6 2.Nc3 d5 3.Nf3 dxe4 4.Nxe4 Bf5 5.Nc5 Qc7 
6.d4 e6 7.Bc4 Nf6 8.h3 h6 9.c3 Nbd7 10.O-O Nxc5 
11.dxc5 Rd8 12.Qa4 Bxc5 13.b4 b5 14.Qa3 Bb6 15.Be2 
Bd3 16.Bxd3 Rxd3 17.Qb2 Rxf3 18.Qe2 Rxh3 19.gxh3 
Qg3+ 20.Kh1 Qxh3+ 21.Kg1 g5 22.Be3 Ng4 23.f3 Bxe3+ 
24.Qxe3 Qh2+ 0-1

[Event "HCL-A2544"]
[Site "www.playchess.de"]
[Date "2006.01.13"]
[Round "6"]
[White "yannick"]
[Black "jerrylaine"]
[WhiteElo "1588"]
[BlackElo "1585"]
[PlyCount "49"]
[Result "1-0"]

1.b4 e5 {Merry Christmas!}  2.b5 {thanks U 2}  d5 
3.Bb2 Bd6 4.Nf3 Qe7 5.Nc3 Be6 6.e4 d4 7.Nd5 Qd8 
8.c3 c6 9.cxd4 cxd5 10.exd5 Bxd5 11.dxe5 Qe7 12.d4 
Bxf3 13.Qxf3 Bb4+ 14.Bc3 Nf6 15.Bc4 Bxc3+ 16.Qxc3 
Ne4 17.Qb2 Nd6 18.Bd5 O-O 19.O-O Nf5 20.Rac1 Qd7 
21.Rc5 Ne7 22.Be4 Rd8 23.Qc2 Rc8 24.Rxc8+ Nxc8 
25.Bxh7+ 1-0

[Event "HCL-C4007"]
[Site "www.playchess.de"]
[Date "2006.01.13"]
[Round "15"]
[White "jsteveg"]
[Black "Bense"]
[WhiteElo "714"]
[BlackElo "1038"]
[PlyCount "92"]
[Result "0-1"]

1.e4 e5 2.Bb5 f6 3.Nf3 c6 4.Ba4 d6 5.d4 a6 6.Nc3 
b5 7.Bb3 Nh6 8.Be3 Nd7 9.O-O g6 10.Qd2 Nf7 11.a4 
f5 12.d5 c5 13.Bg5 Nxg5 14.Nxg5 Nf6 15.axb5 f4 
16.Qd3 Bh6 17.Nf3 Qb6 18.bxa6 Rxa6 19.Ba4+ Ke7 
20.Rfe1 Rd8 21.b3 Bb7 22.Bb5 Rxa1 23.Rxa1 Ra8 
24.Rxa8 Bxa8 25.h4 Bb7 26.g3 Ng4 27.Na4 Qa5 28.c4 
fxg3 29.fxg3 Be3+ 30.Kg2 Bc1 31.Qd1 Ne3+ 32.Kh3 
{ugh}  Nxd1 33.g4 Nf2+ 34.Kg3 Nxe4+ 35.Kg2 Nd2 
36.h5 Nxf3 37.Kxf3 Qe1 38.g5 Qe3+ 39.Kg4 Qf4+ 
40.Kh3 gxh5 41.Nb6 Qg4+ 42.Kh2 Bf4+ 43.Kh1 Qf3+ 
44.Kg1 Be3+ 45.Kh2 {;-)}  h4 46.Nc8+ 
Bxc8 0-1